<The> determinants of adopting organic farming practices <a> case study in the Czech Republic
Uložené v:
| Hlavný autor: | |
|---|---|
| Ďalší autori: | |
| Médium: | Kapitola |
| Jazyk: | English |
| Predmet: | |
| Tagy: |
Žiadne tagy, Buďte prvý, kto otaguje tento záznam!
|
MARC
| LEADER | 00000naa a2200000 4500 | ||
|---|---|---|---|
| 001 | 0174005 | ||
| 005 | 20231211070945.3 | ||
| 041 | 0 | |a eng | |
| 044 | |a CZ | ||
| 245 | 1 | 0 | |a <The> determinants of adopting organic farming practices |b <a> case study in the Czech Republic |c Zdenka Malá, Michal Malý |
| 610 | 2 | 0 | |a poľnohospodárstvo |
| 610 | 2 | 0 | |a produkcia |
| 610 | 2 | 0 | |a bioprodukty |
| 610 | 2 | 0 | |a farmy |
| 610 | 2 | 0 | |a Česko |
| 610 | 2 | 0 | |a analýza empirická |
| 100 | 1 | |a Malá, Zdenka | |
| 700 | 1 | |a Malý, Michal | |